| 000 | 00698nam a2200205 i 4500 | ||
|---|---|---|---|
| 001 | 74179 | ||
| 003 | ES-MaACL | ||
| 005 | 20230906172037.0 | ||
| 007 | t| | ||
| 008 | 040916s1987 sp ||||1| spa d | ||
| 020 | _a84-86832-00-4 | ||
| 100 | 1 |
_aGonzález-Doria, Fernando. _958605 |
|
| 245 | 1 | 0 |
_aDiccionario heráldico y nobiliario de los reinos de España / _cFernando González-Doria. |
| 260 |
_aSan Fernando de Henares, Madrid : _bBitácora, _c[1987] |
||
| 300 |
_a886 p. : _bil. ; _c30 cm. |
||
| 504 | _aBibliografía. | ||
| 650 | 4 |
_aHeráldica- _zEspaña- _vDiccionarios. _9148959 |
|
| 650 | 4 |
_aTítulos nobiliarios- _zEspaña- _vDiccionarios. _9157590 |
|
| 852 |
_aES-MaACL _jB-287 _bR.115035 |
||
| 999 |
_c74179 _d74179 |
||